00432nam a2200169Ia 450000500170000000800410001702000150005804000180007304100080009108200170009910000230011624500190013925000060015826000640016430000130022865000210024120220928162040.0210716s2000 xx 000 0 und d a0074632906 cAIMIT LIBRARY aeng a006.671 NAUP aNaughton, Patrick. aJava handbook. a1 aNew DelhibTata McGraw Hill Education Private Limitedc2000 axxiv,424 aJava Programming